000 00280nam a2200121Ia 4500
005 20251222144634.0
008 251222s9999||||xx |||||||||||||| ||spa||
020 _a84-288-1159-8
082 _a276.8/C76V
245 0 _aLa Vida Fraterna en Comunidad
264 _bPPC
942 _cLIB
999 _c16407
_d16407